01110cam a22002777a 45000010005000000030006000050050017000110080041000280100017000690200015000860400018001010420010001190500024001290820010001531000017001632450065001802600059002453000052003045040052003565210163004087100038005719060045006099420015006549990015006699520148006842805FISKH20240116090327.0070913s2007 cb ab b 000 0 eng  a 2007305686 a9995060043 aDLCcDLCdDLC alcode00aMLCM 2009/41238 (H) a959.61 aKhamboly Dy.12aA history of Democratic Kampuchea, 1975-1979 /cKhamboly Dy. aPhnom Penh :bDocumentation Center of Cambodia,c2007. a73 pages :bcolor illustrations, maps ;c28 cm. aIncludes bibliographical references (p. 67-69).8 aProvided with the support of the Embassy of the Federal Republic of Germany in Phnom Penh to benefit grade 9,10, 11 and 12 students of Cambodian High schools.2 aDocumentation Center of Cambodia. a7bcbccorigoded4encipf20gy-gencatlg 2lcccBKn0 c2805d2805 00102ddc40708NFICa001b001cTKSNFd2024-01-16l1oDy 959.6 MLCM 2009/41238 (H)p2024-0031r2024-06-06 16:03:52s2024-05-28w2024-01-16yBK